|
|
|
|
| LEADER |
01517nam a2200385 a 4500 |
| 001 |
EBC1139722 |
| 003 |
MiAaPQ |
| 005 |
20200520144314.0 |
| 006 |
m o d | |
| 007 |
cr cn||||||||| |
| 008 |
130813s2013 enka sb 001 0 eng d |
| 020 |
|
|
|z 9781107031364
|
| 020 |
|
|
|a 9781107348240 (electronic bk.)
|
| 035 |
|
|
|a (MiAaPQ)EBC1139722
|
| 035 |
|
|
|a (Au-PeEL)EBL1139722
|
| 035 |
|
|
|a (CaPaEBR)ebr10740483
|
| 035 |
|
|
|a (CaONFJC)MIL508454
|
| 035 |
|
|
|a (OCoLC)855607257
|
| 040 |
|
|
|a MiAaPQ
|c MiAaPQ
|d MiAaPQ
|
| 050 |
|
4 |
|a HD30.28
|b .A534 2013
|
| 082 |
0 |
4 |
|a 658.4/012
|2 23
|
| 100 |
1 |
|
|a Andersen, Torben Juul.
|
| 245 |
1 |
0 |
|a Short introduction to strategic management
|h [electronic resource]
|c Torben Juul Andersen.
|
| 260 |
|
|
|a Cambridge, England :
|b Cambridge University Press,
|c c2013.
|
| 300 |
|
|
|a 1 online resource (xvii, 297 p.) :
|b ill.
|
| 490 |
1 |
|
|a Cambridge Short Introductions
|
| 504 |
|
|
|a Includes bibliographical references and index.
|
| 533 |
|
|
|a Electronic reproduction. Ann Arbor, MI : ProQuest, 2015. Available via World Wide Web. Access may be limited to ProQuest affiliated libraries.
|
| 588 |
|
|
|a Description based on online resource; title from title page (ebrary, viewed August 13, 2013).
|
| 650 |
|
0 |
|a Strategic planning.
|
| 650 |
|
0 |
|a Management.
|
| 655 |
|
4 |
|a Electronic books.
|
| 710 |
2 |
|
|a ProQuest (Firm)
|
| 830 |
|
0 |
|a Cambridge short introductions to management.
|
| 856 |
4 |
0 |
|u https://ebookcentral.proquest.com/lib/matrademy/detail.action?docID=1139722
|z Click to View
|